00526cam a2200181 a 45000010005000000030009000050050017000140080041000310200015000720350023000870400038001100820019001481000021001672450046001882600045002343000045002796500020003244929BD-DhUAP20210118125051.0210118s2000 enka b 001 0 eng d a0072373113 a(OCoLC)ocm32607628 aEUNcEUNdUKMdAZSdBD-DhUAPbeng00a004.67 HAR2231 a Harris, Robert.10aA guidebook to the Web /cRobert Harris. aGuildord :bDushkin/McGraw-Hill,cc2000. axi, 148 pages :billustrations ;c21 cm. 0aWorld Wide Web.